000 01407nam a2200229Ia 4500
003 Ost
005 20260507075634.0
008 260507s9999||||xx |||||||||||||| ||und||
020 _a9390365977
040 _cfsecg
041 _aara
082 _a342.02
100 _aسليم، عصام أنور
_eمؤلف
245 0 _aالوجيز في عقد الإيجار :
_bالأحكام العامة في الإيجار /
_c عصام أنور سليم
260 _aالإسكندرية:
_bدار المطبوعات الجامعية,
_c2003
300 _a550 صفحة؛
_c24 سم
490 _aالمكتبة القانونية لدار المطبوعات
520 _aالتعريف بالخطر والتأمين:الخطر وكيفية مواجهته-التعريف بالتأمين وتاريخ نشأته -أهداف التأمين-أنواع التأمين وتقسيماته-التنظيم التشريعى للتأمين/-عناصر التأمين:الخطر-القسط-التزامات المستأجر/-النزول عن الايجار:مدى جواز التنازل عن الايجار-آثار التنازل عن الايجار-ىثار الايجار من الباطن/-زوال الايجار:بطلان عقد الايجار-انحلال عقد الايجار-انتهاء الايجار
653 _aالتأمين -مخاطر
653 _aعقود الإيجار
942 _cكتاب
999 _c45261
_d45261